| 000 | 00539nam a2200193Ia 4500 | ||
|---|---|---|---|
| 999 |
_c4591 _d4591 |
||
| 001 | 4424 | ||
| 005 | 20201001090224.0 | ||
| 008 | 140318s9999 xx 000 0 und d | ||
| 020 | _a0-671-71117-2 | ||
| 040 | _cPK-LaUMT | ||
| 082 |
_a158.1 _bCOV-S |
||
| 100 | _aCovey, Stephen R. | ||
| 245 | 4 |
_aThe 7 seven habits of highly effective people : _bpowerful lessons in personal change / _cby Stephen R. Covey |
|
| 260 |
_aLondon,UK: _bSimon & Schuster, _c1989 |
||
| 300 | _a358 p. | ||
| 546 | _aEN | ||
| 650 | _aConduct of life | ||
| 942 | _cBK | ||